Normal view
MARC view
- Schumacher, Michael,
Entry Personal Name
001 - CONTROL NUMBER
- control field: 120537
003 - CONTROL NUMBER IDENTIFIER
- control field: NUST
005 - DATE AND TIME OF LATEST TRANSACTION
- control field: 20240215115656.0
008 - FIXED-LENGTH DATA ELEMENTS
- fixed length control field: 240215|| aca||aabn | a|a d
040 ## - CATALOGING SOURCE
- Original cataloging agency: NUST
- Transcribing agency: NUST
100 ## - HEADING--PERSONAL NAME
- Personal name: Schumacher, Michael,
- Dates associated with a name: 1950-
670 ## - SOURCE DATA FOUND
- Source citation: Work cat.: (NUST): Schneider + Schumacher, Architekten. 120530, Schneider+Schumacher /, c2011.
